00849nam a2200325Ia 4500008004100000020001600041100002200057245001600079245002000095245002500115250001700140260001500157260002000172260000900192300001600201300002000217300001100237440002300248650003300271650003300304650004200337650003700379650002400416650001300440650001300453650001300466650001300479650002200492700000900514160803s9999 xx 000 0 und d a0 439499062 aDanticat, Edwidge aAnacaona :  bgolden flower / cby Edwidge Danticat. a1st edition. aNew York : bScholastic Inc. c2005 a186 pages : billustrations ; c20 cm. aThe royal diaries. aAnacaona, -- d. 1504 --  aAnacaona, -- d. 1504 --  aHaiti -- History -- To 1791 --  aIndians of the West Indies --  aTaino Indians --  xFiction. xFiction. xFiction. xFiction. xJuvenile fiction. a1080